Обобщение геофизических исследований скважин и керновых материалов по нижнемеловым отложениям с целью выделения типовых разрезов и уточнения петрофизических зависимостей по определению характера насыщения: отчет о НИР (промежуточный); Лазерное зажигание высокоэнергетических конденсированных реагирующих сред (КРС)

Dettagli Bibliografici
Ente Autore: Томский политехнический университет (ТПУ)
Altri autori: Ежова А. В. Александра Викторовна (руководитель), Резниченко В. А. Валентина Александровна (исполнитель), Перевертайло Т. Г. Татьяна Геннадьевна, Чемякина Т. Н. Татьяна Николаевна, Батретдинова Л. В. Любовь Васильевна
Riassunto:Гос. контракт № 49/2001.
Lingua:russo
Pubblicazione: Томск, Изд-во ТПУ, 2001
Copublished:руководитель В. П. Ципилев ;исполнитель В. В. Медведев. Лазерное зажигание высокоэнергетических конденсированных реагирующих сред (КРС)
Soggetti:
Natura: Libro
KOHA link:https://koha.lib.tpu.ru/cgi-bin/koha/opac-detail.pl?biblionumber=243956

MARC

LEADER 00000nbm0a2200000 4500
001 243956
005 20240119124747.0
035 |a (RuTPU)RU\TPU\book\265312 
090 |a 243956 
100 |a 20131010d2001 k y0rusy50 ca 
101 0 |a rus 
102 |a RU 
105 |a a p 001zy 
200 1 |a Обобщение геофизических исследований скважин и керновых материалов по нижнемеловым отложениям с целью выделения типовых разрезов и уточнения петрофизических зависимостей по определению характера насыщения  |e отчет о НИР (промежуточный)  |f Томский политехнический университет (ТПУ) ; руководитель А. В. Ежова ; исполнители : В. А. Резниченко ; Т. Г. Перевертайло ; Т. Н. Чемякина ; Л. В. Батретдинова 
210 |a Томск  |c Изд-во ТПУ  |d 2001 
215 |a 82 л.  |c ил. 
300 |a Гос. контракт № 49/2001. 
320 |a Библиогр.: с. 80-82. 
423 |t Лазерное зажигание высокоэнергетических конденсированных реагирующих сред (КРС)  |o отчет о НИР  |f руководитель В. П. Ципилев ;исполнитель В. В. Медведев 
606 1 |a Буровые скважины  |x Геофизические исследования  |2 stltpush  |3 (RuTPU)RU\TPU\subj\30610  |9 53695 
606 1 |a Взрывчатые вещества  |x Инициирование  |x Химическая технология  |2 stltpush  |3 (RuTPU)RU\TPU\subj\32978  |9 55348 
610 1 |a Томская область 
610 1 |a Среднее Приобье 
610 1 |a нижнемеловые отложения 
610 1 |a Усть-Тымская мегавпадина 
610 1 |a Парабельский мегавал 
610 1 |a сочленение 
610 1 |a петрофизические исследования 
610 1 |a гидродинамические исследования 
610 1 |a меловые отложения 
610 1 |a корреляция 
610 1 |a петрофизические зависимости 
610 1 |a насыщение 
610 1 |a отчеты о НИР 
610 1 |a труды учёных ТПУ 
610 1 |a конденсированные среды 
610 1 |a взрывчатые вещества 
610 1 |a лазерное зажигание 
610 1 |a детонация 
675 |a 550.832(04)  |v 3 
675 |a 662.4(04)  |v 3 
702 1 |a Ежова  |b А. В.  |c геолог  |c доцент Томского политехнического университета, кандидат геолого-минералогических наук  |f 1939-  |g Александра Викторовна  |3 (RuTPU)RU\TPU\pers\26246  |4 673 
702 1 |a Резниченко  |b В. А.  |g Валентина Александровна  |4 677 
702 1 |a Перевертайло  |b Т. Г.  |c геолог  |c доцент Томского политехнического университета, кандидат геолого-минералогических наук  |f 1969-  |g Татьяна Геннадьевна  |3 (RuTPU)RU\TPU\pers\26247  |4 677  |9 12033 
702 1 |a Чемякина  |b Т. Н.  |c геолог  |c инженер Томского политехнического университета  |f 1958-  |g Татьяна Николаевна  |3 (RuTPU)RU\TPU\pers\31465  |4 677 
702 1 |a Батретдинова  |b Л. В.  |c геолог  |c инженер Томского политехнического университета  |f 1958-  |g Любовь Васильевна  |3 (RuTPU)RU\TPU\pers\31463 
712 0 2 |a Томский политехнический университет (ТПУ)  |c (1991-2009)  |3 (RuTPU)RU\TPU\col\376 
801 1 |a RU  |b 63413507  |c 20131010 
801 2 |a RU  |b 63413507  |c 20131224  |g RCR 
942 |c BK